000 00849nam a2200241Ia 4500
003 OSt
005 20220926032231.0
006 a|||||r|||| 00| 0
007 ta
008 220923b |||||||| |||| 00| 0 eng d
020 _a9780754674351
_c3947.9099999999999
037 _b8962, 30/11/2009, Elite Publisher Distributors
_cGeneral Book
040 _aRTL
_cRTL
_beng
041 _2eng
_aeng
082 _aY73-15:3(S5).57.P, P9
100 _aKeskinen Suvi
_9337066
245 0 _aComplying with colonialism
_b Gender, race and ethnicity in the Nordic region.
260 _aSurrey
_bAshgate
_c2009
300 _aix, 276p Bibliography chapterwise
_ccm.
650 _aSociology
942 _hY73-15:3(S5).57.P, P9
_cGB
_2CC
999 _c654160
_d654160